| 000 | 00503nam a2200193Ia 4500 | ||
|---|---|---|---|
| 005 | 20250423100701.0 | ||
| 008 | 250422s9999 xx 000 0 und d | ||
| 020 | _a9783537784 | ||
| 050 | _aHD 1388 .O43/ | ||
| 100 | _aOlayonwa, G.O. | ||
| 245 | 0 | _aProperty valuation from methods to applications | |
| 250 | _a2nd ed. | ||
| 260 | _aNasarawa, Nigeria | ||
| 260 | _bDPC Debo publishing company | ||
| 260 | _c2017 | ||
| 300 | _a303 p | ||
| 650 | _aReal property--Valuation--Tables. | ||
| 942 | _cBK | ||
| 999 |
_c34051 _d34051 |
||